Представление документа в формате RUSMARC

ПолеНазваниеЗначение
  Тип записи a
  Библиографический уровень m
001 Контрольный номер Book/3408
005 Дата корректировки 20260116082715.7
010 Индекс ISBN __
a ISBN 978-5-699-20200-3
9 Тираж 3000 экз.
d Цена 136 р. 00 к.
090 Данные записи __
a Состояние записи 65.27
b Тип записи Книги
c Язык записи Русский
d Отрасль знаний (КСУ) Другая
e Секретность Несекретно
g Вид записи Монография (однотомник)
x Дата передачи записи для обработки Р81
100 Данные общей обработки __
a Данные общей обработки 20091210d2013 u u 1rusy ||||ca
101 Язык документа 0_
a Язык текста rus
105 Кодированные данные (монография) __
a Кодированные данные (монография) a z 000yy
200 Заглавие и сведения об ответственности 1_
a Заглавие Выплаты и льготы. Что вам должно государство
f Первые сведения об ответственности Л. А. Рощупкина
e Сведения, относящиеся к заглавию ответы на все вопросы
210 Выходные данные 1_
a Место издания Москва
c Издательство ЭКСМО
d Дата издания 2008
215 Физическое описание __
a Объем 120 с.
d Формат см.
225 Серия 1_
a Серия Что вам могут не сказать...
300 Общие примечания __
a Общие примечания 16+
606 Тематические рубрики 0_
a Основная рубрика Экономика - Социальное обеспечение - Справочники
610 Ключевые слова 0_
a Ключевые слова права граждан; социальная защита; выплаты; льготы; пособия; компенсации; практические советы
686 Индексы других классификаций __
a Классификационный индекс 65.272
2 Код системы rubbk
700 Автор _1
a Фамилия Рощупкина
b Имя (инициалы) Л. А.
g Полное личное имя Любовь Александровна
801 Источник записи _0
a Страна RU
b Организация МБУК ЦБС г. Ульяновска
c Дата составления 20091210
801 Источник записи _1
a Страна RU
b Организация МБУК ЦБС г. Ульяновска
c Дата составления 20091210
852 Данные о местонахождении __
i Авторский знак Р 81
j Шифр хранения 65.27
899 Данные о местонахождении __
3 Книга № 6375
a Местонахождение ЦГБ
d Название фонда Инв.книга №1
q Состояние Свободно
x Инвентарный номер 124755
899 Данные о местонахождении __
3 Книга № 6376
a Местонахождение 2 ф
d Название фонда Инв.книга №1
h Классификационная часть РШ 65.27
i Авторский знак Р81
q Состояние Свободно
x Инвентарный номер 124755
899 Данные о местонахождении __
3 Книга № 6377
a Местонахождение 4 ф
d Название фонда Инв.книга №1
h Классификационная часть РШ 65.27
i Авторский знак Р81
q Состояние Свободно
x Инвентарный номер 124755